[Event "38. MIEDZYNARODOWY MEMORIAL LUDWIKA ZAMENHOFA 2019 - open B"]
[Site "Bialystok"]
[Date "1899-12-30"]
[Round "7.11"]
[White "Backiel, Hubert"]
[Black "Szczotka, Klara"]
[Result "0-1"]
[WhiteTitle "I"]
[BlackTitle "I++"]
[WhiteElo "1860"]
[BlackElo "1781"]

1. e4 c5 2. c4 e6 3. Nc3 d6 4. g3 Nc6 5. Bg2 a6 6. a3 Rb8 7. Rb1 Qa5 8. d3 b5 9.
Bd2 Qb6 10. cxb5 axb5 11. b4 Ba6 12. Nge2 Nf6 13. O-O Be7 14. h3 O-O 15. Be3 Rfd8
16. d4 cxd4 17. Nxd4 Nxd4 18. Bxd4 Qc7 19. Rc1 Qd7 20. Qe2 Ne8 21. Rfd1 Rdc8 22.
Bf1 Nc7 23. Qg4 g6 24. Ba7 Ra8 25. Bb6 Rab8 26. Ba7 Ra8 27. Bb6 Rab8 28. Bxc7
Rxc7 29. Nd5 exd5 30. Qxd7 Rxd7 31. Rxd5 Ra7 32. Ra1 Rb6 33. Rc1 Kf8 34. f4 Ke8
35. Kf2 Kd8 36. e5 Rc7 37. Rcd1 Rc2+ 38. Ke3 Kc7 39. R1d2 Rc3+ 40. R2d3 Rc1 41.
exd6+ Rxd6 42. Rxd6 Bxd6 43. Bg2 Kd7 44. Bd5 f6 45. Bg8 h6 46. Bh7 g5 47. fxg5
hxg5 48. h4 gxh4 49. gxh4 Rh1 50. Bf5+ Ke7 51. Rd4 Rf1 52. Bd3 Re1+ 53. Kf2 Re5
54. a4 Bc7 55. Rg4 Bb6+ 56. Kf1 Rh5 57. a5 Bc7 58. Bg6 Rh6 59. h5 Be5 60. Ke2
Bc8 61. Rg1 Bd6 62. Rc1 Bg4+ 63. Ke3 Bxh5 64. Rh1 Rxg6 65. Rxh5 Rg5 66. Rh7+ Ke6
67. a6 Rg8 68. Rb7 Ra8 69. a7 Bxb4 70. Rxb5 Bd6 71. Ra5 Rxa7 72. Rb5 Be5 73. Rb4
Kf5 74. Rb3 Ra4 75. Kf3 Rh4 76. Kg2 Rg4+ 77. Kf2 Rf4+ 78. Kg2 Ke4 79. Rb4+ Bd4
80. Kg3 Rf3+ 81. Kg2 Re3 82. Rb8 Rg3+ 83. Kf1 Rc3 84. Ke2 Rc2+ 85. Kd1 Ra2 86.
Rb3 f5 87. Ke1 f4 88. Kf1 Be3 89. Rb1 Kf3 90. Rd1 Rh2 0-1

[Event "38. MIEDZYNARODOWY MEMORIAL LUDWIKA ZAMENHOFA 2019 - open B"]
[Site "Bialystok"]
[Date "1899-12-30"]
[Round "8.1"]
[White "Bartoszewicz, Marcin"]
[Black "Zeliantsova, Kseniya"]
[Result "0-1"]
[WhiteTitle "I++"]
[BlackTitle "k"]
[WhiteElo "1918"]
[BlackElo "1993"]

1. e4 d6 2. d4 Nf6 3. Nc3 g6 4. f4 Bg7 5. Nf3 O-O 6. Bc4 c5 7. e5 Ng4 8. e6 cxd4
9. exf7+ Kh8 10. h3 Nf2 11. Kxf2 dxc3 12. bxc3 Nd7 13. Be3 Nf6 14. Bd4 Qc7 15.
Qe2 d5 16. Bd3 Qxf4 17. Qxe7 Rxf7 18. Qe3 Qd6 19. Rhe1 Bd7 20. Kg1 Re8 21. Be5
Qf8 22. Qd4 Rfe7 23. Kh2 Re6 24. Re2 Bc6 25. Rae1 Kg8 26. Ng5 Rxe5 27. Rxe5 Rxe5
28. Rxe5 Nd7 0-1

[Event "38. MIEDZYNARODOWY MEMORIAL LUDWIKA ZAMENHOFA 2019 - open B"]
[Site "Bialystok"]
[Date "1899-12-30"]
[Round "8.2"]
[White "Laskowski, Filip"]
[Black "Ryszkiewicz, Adam"]
[Result "1-0"]
[WhiteTitle "I+"]
[BlackTitle "I"]
[WhiteElo "1908"]
[BlackElo "1917"]

1. c4 e5 2. g3 Nf6 3. Bg2 c6 4. d4 Bb4+ 5. Nc3 e4 6. a3 Bxc3+ 7. bxc3 d5 8. Bg5
h6 9. Bxf6 Qxf6 10. Qb3 Qd6 11. f3 f5 12. Nh3 b6 13. cxd5 cxd5 14. Nf4 Bb7 15.
fxe4 fxe4 16. O-O Nd7 17. Bh3 O-O-O 18. a4 Kb8 19. a5 g5 20. Nh5 Qg6 21. Bg4 Rhf8
22. axb6 Rxf1+ 23. Rxf1 Qxb6 24. Qa3 Bc6 25. Qe7 Qc7 26. Rf7 Qb6 27. Kg2 a5 28.
Ng7 a4 29. Rf1 Qa5 30. Qd6+ Qc7 31. Rb1+ Kc8 32. Qxc7+ Kxc7 33. Ne6+ Kc8 34. Nxd8
Kxd8 35. Bxd7 Bxd7 36. Kf2 Ke7 37. Rb6 h5 38. Ke3 Kd8 39. Rd6 Kc7 40. Rxd5 Be6
41. Re5 Bb3 42. Kd2 Kb6 43. Kc1 a3 44. Rxe4 Kb5 45. Re5+ Ka4 46. Kb1 Bc4 47. e3
h4 48. gxh4 gxh4 49. Rc5 Bd3+ 50. Ka2 h3 51. d5 Bf5 52. e4 Be6 53. Rc4+ 1-0

[Event "38. MIEDZYNARODOWY MEMORIAL LUDWIKA ZAMENHOFA 2019 - open B"]
[Site "Bialystok"]
[Date "1899-12-30"]
[Round "8.3"]
[White "Norman, Kseniya"]
[Black "Ocytko, Andrzej"]
[Result "1/2-1/2"]
[WhiteTitle "I"]
[BlackTitle "k"]
[WhiteElo "1730"]
[BlackElo "1999"]

1. e4 c6 2. d4 d5 3. Nc3 dxe4 4. Nxe4 Nf6 5. Nxf6+ exf6 6. Nf3 Bd6 7. Bd3 O-O 8.
Be3 Re8 9. O-O Nd7 10. c4 Nf8 11. Qd2 Bg4 12. Ne1 Ng6 13. h3 Bd7 14. Bxg6 hxg6
15. Bf4 Bxf4 16. Qxf4 Re2 17. b3 Be6 18. Nf3 g5 19. Qg3 Qa5 20. a3 Qc3 21. Qc7
Qxb3 22. d5 Rc8 23. Qh2 cxd5 24. Nd4 Qxc4 25. Nxe2 Qxe2 26. Qd6 Qe5 27. Qe7 Qc7
28. Qxc7 Rxc7 29. Rfc1 Rc4 30. Kf1 Ra4 31. Rcb1 b6 32. Rb4 Ra5 33. Ke2 Bd7 34.
Kd2 Bb5 35. Rc1 Bc4 36. Rc3 b5 37. Ke3 Ra6 38. Kd4 Re6 39. Re3 a5 40. Rb1 Kf8
41. Kc5 a4 42. Rd1 Ke7 43. Rb1 Kd7 44. Rbe1 Rc6+ 45. Kd4 Re6 46. Kc5 Rc6+ 47.
Kd4 Re6 48. Kc5 Rc6+ 49. Kd4 1/2-1/2

[Event "38. MIEDZYNARODOWY MEMORIAL LUDWIKA ZAMENHOFA 2019 - open B"]
[Site "Bialystok"]
[Date "1899-12-30"]
[Round "8.4"]
[White "Kiolbasa, Damian"]
[Black "Mocny, Tomasz"]
[Result "1-0"]
[WhiteTitle "II+"]
[BlackTitle "I"]
[WhiteElo "1946"]
[BlackElo "1779"]

1. d4 f5 2. Bg5 g6 3. Nc3 Bg7 4. e4 d6 5. h4 h6 6. Be3 Nc6 7. exf5 Bxf5 8. g4 Bd7
9. Bd3 Kf7 10. h5 g5 11. Bg6+ Kf8 12. Nh3 e5 13. d5 Nce7 14. Be4 Nf6 15. f3 b5
16. Nxg5 b4 17. Nb1 hxg5 18. Bxg5 Nxe4 19. fxe4 Qc8 20. Rg1 Ng8 21. Qf3+ Ke8 22.
Rf1 Nf6 23. h6 Bxg4 24. hxg7 Bxf3 25. gxh8=Q+ Kf7 26. Qxf6+ Kg8 27. Qg6+ 1-0

[Event "38. MIEDZYNARODOWY MEMORIAL LUDWIKA ZAMENHOFA 2019 - open B"]
[Site "Bialystok"]
[Date "1899-12-30"]
[Round "8.5"]
[White "Madrawski, Krzysztof"]
[Black "Pialesa, Siarhei"]
[Result "1/2-1/2"]
[WhiteTitle "I++"]
[BlackTitle "k"]
[WhiteElo "1993"]
[BlackElo "1769"]

1. e4 e5 2. Nf3 Nc6 3. Bb5 a6 4. Ba4 d6 5. c3 g6 6. d4 Bd7 7. Bg5 Be7 8. h4 Nf6
9. d5 Nb8 10. Nbd2 Ng4 11. Bxe7 Qxe7 12. h5 g5 13. Nf1 O-O 14. Bxd7 Nxd7 15. Qd2
h6 16. Ng3 Kh7 17. O-O-O Rg8 18. Ne1 Ngf6 19. f3 Ne8 20. Nc2 Ng7 21. Ne3 Nb6 22.
Ngf5 Nxf5 23. Nxf5 Qf6 1/2-1/2

[Event "38. MIEDZYNARODOWY MEMORIAL LUDWIKA ZAMENHOFA 2019 - open B"]
[Site "Bialystok"]
[Date "1899-12-30"]
[Round "8.6"]
[White "Baryschyk, Sergey"]
[Black "Pytel, Maciej"]
[Result "0-1"]
[WhiteTitle "I"]
[BlackTitle "k"]
[WhiteElo "1866"]
[BlackElo "1942"]

1. Nf3 Nf6 2. g3 g6 3. Bg2 Bg7 4. O-O O-O 5. d3 d5 6. Nc3 Re8 7. e4 d4 8. Ne2 e5
9. Ne1 c5 10. f4 Nc6 11. h3 exf4 12. gxf4 Nh5 13. Nf3 f5 14. e5 Be6 15. c4 Bh6
16. Bd2 Kf8 17. a3 Rc8 18. b4 b6 19. Rb1 Qe7 20. Qc2 Kg8 21. Rb2 Rc7 22. Rfb1
g5 23. fxg5 Bg7 24. Nf4 Bf7 25. e6 Bg6 26. Nd5 Qd6 27. bxc5 bxc5 28. Nxc7 Qxc7
29. Rb7 Qg3 30. Be1 Qd6 31. Nh2 Kh8 32. Bf2 Rxe6 33. Qa4 Be8 34. Qd1 Nf4 35. Nf1
Nxg2 36. Kxg2 Ne5 37. Ng3 Qc6+ 38. Kf1 Nf3 39. Rb8 Nh4 40. Ne4 Ng6 41. Nd2 Qh1+
42. Bg1 Qxh3+ 43. Kf2 Nf4 0-1

[Event "38. MIEDZYNARODOWY MEMORIAL LUDWIKA ZAMENHOFA 2019 - open B"]
[Site "Bialystok"]
[Date "1899-12-30"]
[Round "8.7"]
[White "Widelski, Kacper"]
[Black "Jeda, Maciej"]
[Result "1-0"]
[WhiteTitle "I+"]
[BlackTitle "I"]
[WhiteElo "1888"]
[BlackElo "1865"]

1. e4 c5 2. Nf3 d6 3. d4 cxd4 4. Nxd4 Nf6 5. Nc3 g6 6. f4 Nc6 7. Nxc6 bxc6 8. e5
Nd7 9. exd6 exd6 10. Qd4 Nf6 11. Be3 Be7 12. O-O-O O-O 13. Be2 d5 14. Bf3 Be6
15. Rhg1 Nd7 16. g4 Bf6 17. Qd2 Nb6 18. Be2 Rb8 19. f5 Bc8 20. Bh6 Re8 21. g5
Be5 22. fxg6 fxg6 23. Rdf1 Qd6 24. a3 Bf5 25. Bd3 Bxd3 26. cxd3 Bd4 27. Rg3 Bg7
28. Bxg7 Kxg7 29. Rf6 Qd7 30. Qf4 d4 31. Rd6 Qe7 32. Qxd4+ Kg8 33. Ne4 c5 34.
Qf6 Nd7 35. Qxe7 Rxe7 36. Rxd7 1-0

[Event "38. MIEDZYNARODOWY MEMORIAL LUDWIKA ZAMENHOFA 2019 - open B"]
[Site "Bialystok"]
[Date "1899-12-30"]
[Round "8.8"]
[White "Szczotka, Klara"]
[Black "Norov, Artem"]
[Result "1/2-1/2"]
[WhiteTitle "I++"]
[BlackTitle "I"]
[WhiteElo "1781"]
[BlackElo "1871"]

1. e4 d5 2. exd5 Qxd5 3. Nc3 Qd6 4. d4 Nf6 5. g3 c6 6. Bf4 Qb4 7. Rb1 Bf5 8. Bg2
e6 9. Nge2 Nbd7 10. O-O Be7 11. a3 Qb6 12. Qd2 O-O 13. Rfd1 Nd5 14. Nxd5 cxd5
15. Nc3 Rfc8 16. Bf1 Bf6 17. Bd3 Bxd3 18. Qxd3 Qc6 19. Rbc1 a6 20. Ne2 b5 21.
Qe3 Nb6 22. Qb3 Qc4 23. Kf1 Be7 24. Qf3 Qc6 25. Qb3 Nc4 26. Be3 Rab8 27. c3 Rb7
28. Nf4 Nd6 29. Nd3 Qc4 30. Qc2 Ne4 31. f3 Nd6 32. Kf2 Qc6 33. Nc5 Ra7 34. h4
Nc4 35. Nd3 a5 36. Bg5 Bd6 37. Bf4 Bxf4 38. gxf4 Nd6 39. Nc5 Nf5 40. h5 h6 41.
Rg1 Qd6 42. Qd2 Rxc5 43. dxc5 Qxc5+ 44. Ke2 Qc4+ 45. Kf2 1/2-1/2

[Event "38. MIEDZYNARODOWY MEMORIAL LUDWIKA ZAMENHOFA 2019 - open B"]
[Site "Bialystok"]
[Date "1899-12-30"]
[Round "8.9"]
[White "Ciszewski, Krzysztof"]
[Black "Zabrzanska, Weronika"]
[Result "1/2-1/2"]
[WhiteTitle "I"]
[BlackTitle "I++"]
[WhiteElo "1663"]
[BlackElo "1843"]

1. d4 d5 2. c4 e6 3. Nc3 Nf6 4. cxd5 exd5 5. Bg5 Be7 6. e3 h6 7. Bf4 O-O 8. Nf3
b6 9. Qc2 c5 10. a3 Nc6 11. Bd3 Bg4 12. Ne5 Nxe5 13. dxe5 Nh5 14. h3 Nxf4 15.
exf4 Bc8 16. Nxd5 Qxd5 17. Be4 Bf5 18. Bxf5 Rad8 19. O-O c4 20. Rfd1 Qc5 21. Rxd8
Rxd8 22. Rd1 Rd4 23. g3 b5 24. a4 b4 25. Rxd4 Qxd4 26. b3 c3 27. Qd3 Bc5 28. Qxd4
Bxd4 29. Kf1 g6 30. Bc2 Kf8 31. Ke2 Ke7 32. f3 Ke6 33. Bd3 a5 34. Bc4+ Ke7 35.
Bd3 Bb6 36. Ke1 Bc7 37. Bc2 Bd8 38. Ke2 Ke6 39. Ke3 Bb6+ 40. Ke4 f6 1/2-1/2

[Event "38. MIEDZYNARODOWY MEMORIAL LUDWIKA ZAMENHOFA 2019 - open B"]
[Site "Bialystok"]
[Date "1899-12-30"]
[Round "8.10"]
[White "Kotarski, Bartosz"]
[Black "Bancarewicz, Aleks"]
[Result "1/2-1/2"]
[WhiteTitle "I+"]
[BlackTitle "I+"]
[WhiteElo "1696"]
[BlackElo "1859"]

1. e4 c5 2. Nf3 d6 3. d4 cxd4 4. Nxd4 Nf6 5. Nc3 a6 6. Be2 e5 7. Nb3 Be7 8. Be3
O-O 9. O-O Be6 10. Bf3 b5 11. Qd2 Nbd7 12. Nd5 Bxd5 13. exd5 a5 14. Be2 a4 15.
Nc1 Qb8 16. Nd3 Bd8 17. c3 Ba5 18. Nb4 Bxb4 19. cxb4 Qb7 20. Rfd1 Rac8 21. g4
Ne8 22. Rac1 Rxc1 23. Rxc1 Nb8 24. Bd3 g6 25. Bh6 Ng7 26. Be2 f5 27. Qd3 fxg4
28. Qxb5 Qf7 29. Be3 Nf5 30. Bxg4 h5 31. Bh6 Nd4 32. Qd3 hxg4 33. Bxf8 Kxf8 34.
Rc8+ 1/2-1/2

[Event "38. MIEDZYNARODOWY MEMORIAL LUDWIKA ZAMENHOFA 2019 - open B"]
[Site "Bialystok"]
[Date "1899-12-30"]
[Round "8.11"]
[White "Backiel, Hubert"]
[Black "Kozlowski, Pawel"]
[Result "1-0"]
[WhiteTitle "I"]
[BlackTitle "I"]
[WhiteElo "1860"]
[BlackElo "1844"]

1. e4 g6 2. d4 Bg7 3. Nf3 d6 4. Be3 a6 5. c4 Nd7 6. Nc3 e6 7. Bd3 h6 8. h4 Ne7
9. Qd2 b6 10. O-O-O Bb7 11. Kb1 c5 12. d5 exd5 13. exd5 Nf6 14. Rhe1 Qd7 15. Qc2
Kd8 16. Qb3 Kc7 17. Na4 Nc8 18. Bf4 Nh5 19. Bh2 Rb8 20. g4 Nf6 21. Ne5 Qd8 22.
Nxf7 Qf8 23. Nxh8 Bxh8 24. Bxg6 Nxg4 25. Bg3 Be5 26. f4 Bd4 27. Re8 Qf6 28. h5
Ba8 29. Nxb6 Bb7 30. Rh1 a5 31. Bh4 Qxh4 32. Rxh4 Nf6 33. Rf8 Ba6 34. Rf7+ Kd8
35. Qd3 Rxb6 36. Rh2 Nxd5 37. Qf5 Nde7 38. Rf8+ Kc7 39. Qf7 Kc6 40. Be4+ Kd7 41.
Bf5+ Kc6 42. Be4+ d5 43. Bxd5+ Nxd5 44. cxd5+ Kb5 45. Qd7+ Kc4 46. Rxc8 Bxc8 47.
Qxc8 Kxd5 48. Qf5+ Kc4 49. Re2 a4 50. Qc2+ Kb5 51. f5 Ka5 1-0

[Event "38. MIEDZYNARODOWY MEMORIAL LUDWIKA ZAMENHOFA 2019 - open B"]
[Site "Bialystok"]
[Date "1899-12-30"]
[Round "9.1"]
[White "Zeliantsova, Kseniya"]
[Black "Widelski, Kacper"]
[Result "1-0"]
[WhiteTitle "k"]
[BlackTitle "I+"]
[WhiteElo "1993"]
[BlackElo "1888"]

1. e4 2. c5 3. Nf3 4. g6 5. d4 6. cxd4 7. Nxd4 8. Bg7 9. c4 10. Nc6 11. Be3 12.
Nf6 13. Nc3 14. Ng4 15. Qxg4 16. Nxd4 17. Qd1 18. Ne6 19. Be2 20. Qa5 21. Qd2
22. g5 23. O-O 24. b6 25. Rad1 26. d6 27. Qc2 28. Bxc3 29. Rd5 30. Nc5 31. bxc3
32. h6 33. Bd4 34. Rg8 35. e5 36. Be6 37. Bxc5 38. dxc5 39. Qh7 40. Bxd5 41. Qxg8+
42. Kd7 43. e6+ 44. fxe6 45. Qg7 46. Qxa2 47. Qe5 48. Bxc4 49. Rd1+ 50. Kc8 51.
Bf3 52. Bd5 53. Bxd5 54. exd5 55. Qxe7 56. Qa4 57. Re1 58. Qd7 59. Qf6 60. Qh7
61. Qc6+ 1-0

[Event "38. MIEDZYNARODOWY MEMORIAL LUDWIKA ZAMENHOFA 2019 - open B"]
[Site "Bialystok"]
[Date "1899-12-30"]
[Round "9.2"]
[White "Ocytko, Andrzej"]
[Black "Kiolbasa, Damian"]
[Result "1/2-1/2"]
[WhiteTitle "k"]
[BlackTitle "II+"]
[WhiteElo "1999"]
[BlackElo "1946"]

1. Nf3 2. f5 3. b3 4. Nf6 5. Bb2 6. e6 7. c4 8. d5 9. e3 10. Bd6 11. Be2 12. O-O
13. O-O 14. Qe8 15. Be5 16. Nc6 17. d4 18. Ne4 19. Bxd6 20. cxd6 21. Ne1 22. Kh8
23. f3 24. Nf6 25. Nd2 26. f4 27. exf4 28. Nxd4 29. Nc2 30. Nf5 31. Re1 32. Nh5
33. Bf1 34. Nxf4 35. cxd5 36. Qg6 37. Kh1 38. exd5 39. Nb4 40. Bd7 41. Nd3 42.
Ne6 43. b4 44. d4 45. Ne4 46. Ne3 47. Qd2 48. Bc6 49. Nxd6 50. Rad8 51. Ne5 52.
Qf6 53. Nxc6 54. Rxd6 55. Na5 56. b6 57. Nc4 58. Nxc4 59. Bxc4 60. Nf4 61. g3
62. Ng6 63. f4 64. Ne7 65. Rad1 66. Nf5 67. Re5 68. Rfd8 69. Bd3 70. Ne3 71. Rc1
72. Qf7 73. Kg1 74. Rd5 75. Re4 76. Qb7 77. Qb2 78. b5 79. Rc5 80. a6 81. Qc1
82. R5d7 83. Rce5 84. g6 85. Qc5 86. Qc8 87. Qxc8 88. Rxc8 89. Re8+ 90. Rxe8 91.
Rxe8+ 92. Kg7 93. Re6 94. Nc4 95. Kf2 96. Nd6 97. g4 98. Kf7 99. f5 100. gxf5
101. gxf5 102. Nc4 103. Rxa6 104. Nb2 105. Bxb5 106. Rd5 107. Ra7+ 108. Rd7 109.
Bd3 Re7 1/2-1/2

[Event "38. MIEDZYNARODOWY MEMORIAL LUDWIKA ZAMENHOFA 2019 - open B"]
[Site "Bialystok"]
[Date "1899-12-30"]
[Round "9.3"]
[White "Pytel, Maciej"]
[Black "Laskowski, Filip"]
[Result "1/2-1/2"]
[WhiteTitle "k"]
[BlackTitle "I+"]
[WhiteElo "1942"]
[BlackElo "1908"]

1. f4 2. d5 3. Nf3 4. g6 5. g3 6. Bg7 7. Bg2 8. Nf6 9. O-O 10. O-O 11. d3 12. c5
13. Qe1 14. d4 15. Na3 16. Nc6 17. c3 18. Bg4 19. Nc4 20. Bxf3 21. Bxf3 22. Nd5
23. Bd2 24. Rc8 25. Na3 26. e6 27. Nc2 28. b6 29. e4 30. dxe3 31. Bxe3 32. Qd7
33. Rd1 34. Rcd8 35. Bf2 36. Rfe8 37. d4 38. cxd4 39. Nxd4 40. Nxd4 41. Bxd4 42.
Qc7 43. Bxg7 44. Kxg7 45. Qf2 46. Ne7 47. a3 48. Rxd1 49. Rxd1 50. Rd8 51. Rxd8
1/2-1/2

[Event "38. MIEDZYNARODOWY MEMORIAL LUDWIKA ZAMENHOFA 2019 - open B"]
[Site "Bialystok"]
[Date "1899-12-30"]
[Round "9.4"]
[White "Ryszkiewicz, Adam"]
[Black "Norman, Kseniya"]
[Result "1-0"]
[WhiteTitle "I"]
[BlackTitle "I"]
[WhiteElo "1917"]
[BlackElo "1730"]

1. e4 2. g6 3. d4 4. Bg7 5. Nf3 6. d6 7. Bc4 8. Nf6 9. Qe2 10. e6 11. Bg5 12. h6
13. Bh4 14. g5 15. Bg3 16. Nh5 17. c3 18. Nxg3 19. hxg3 20. a6 21. O-O 22. h5
23. Rd1 24. h4 25. g4 26. Nd7 27. e5 28. Nf8 29. d5 30. Qe7 31. dxe6 32. fxe6
33. exd6 34. cxd6 35. Na3 36. b5 37. Bb3 38. Bb7 39. Nc2 40. Rd8 41. Ncd4 42.
Bxd4 43. Nxd4 44. h3 45. f3 46. e5 47. Nf5 48. Qf6 49. g3 50. Ng6 51. Bd5 52.
Bxd5 53. Rxd5 54. Ne7 55. Nxe7 56. Kxe7 57. Kh2 58. Rdf8 59. Rf1 60. Rf7 61. a4
62. Qe6 63. Qd2 64. Rhf8 65. Qxg5+ 66. Kd7 67. Rfd1 68. Rxf3 69. Qxe5 70. Qxe5
71. Rxe5 72. Rf2+ 73. Kxh3 74. Rxb2 75. axb5 76. axb5 77. Red5 78. Rh8+ 79. Rh5
80. Re8 81. g5 82. Re6 83. Rh6 84. Rb3 85. Rc1 86. d5 87. Kg4 88. Re4+ 89. Kf5
90. Re3 91. Ra1 92. Kc8 93. Rh7 94. Kb8 95. g6 96. Rbxc3 97. g4 98. Re8 99. g7
100. Rf3+ 101. Kg6 102. Re6+ 103. Kg5 104. Re5+ 105. Kh4 106. Re8 107. Rh8 108.
Rfe3 109. Rf1 110. R3e7 111. Rxe8+ 112. Rxe8 113. Rf8 1-0

[Event "38. MIEDZYNARODOWY MEMORIAL LUDWIKA ZAMENHOFA 2019 - open B"]
[Site "Bialystok"]
[Date "1899-12-30"]
[Round "9.5"]
[White "Madrawski, Krzysztof"]
[Black "Ciszewski, Krzysztof"]
[Result "1-0"]
[WhiteTitle "I++"]
[BlackTitle "I"]
[WhiteElo "1993"]
[BlackElo "1663"]

1. e4 2. c5 3. Nf3 4. d6 5. d4 6. cxd4 7. Nxd4 8. Nf6 9. Nc3 10. a6 11. h3 12.
e5 13. Nde2 14. b5 15. g4 16. Bb7 17. Bg2 18. b4 19. Nd5 20. Nxd5 21. exd5 22.
Nd7 23. O-O 24. g6 25. f4 26. h5 27. g5 28. h4 29. a3 30. a5 31. Be3 32. Bg7 33.
f5 34. gxf5 35. Rxf5 36. Nb6 37. b3 38. Nc8 39. Qf1 40. Rf8 41. axb4 42. Ne7 43.
c4 44. axb4 45. Rf2 46. Rxa1 47. Qxa1 48. Qd7 49. Qa5 50. Nf5 51. Bb6 52. Ke7
53. Qxb4 54. Ra8 55. c5 56. Ra1+ 57. Kh2 58. Ba6 59. cxd6+ 60. Kf8 61. Bc5 62.
Bxe2 63. Qb8+ 64. Qe8 65. d7+ 1-0

[Event "38. MIEDZYNARODOWY MEMORIAL LUDWIKA ZAMENHOFA 2019 - open B"]
[Site "Bialystok"]
[Date "1899-12-30"]
[Round "9.6"]
[White "Mocny, Tomasz"]
[Black "Bartoszewicz, Marcin"]
[Result "1/2-1/2"]
[WhiteTitle "I"]
[BlackTitle "I++"]
[WhiteElo "1779"]
[BlackElo "1918"]

1. d4 2. Nf6 3. Nc3 4. e6 5. Bg5 6. Be7 7. Nf3 8. d5 9. e3 10. O-O 11. Bd3 12.
b6 13. O-O 14. Bb7 15. Ne2 16. Nbd7 17. Ng3 18. c5 19. c3 20. Ne4 21. Bxe7 22.
Qxe7 23. Nd2 24. Nxd2 25. Qxd2 26. e5 27. f3 28. Rac8 29. Bf5 30. Rc7 31. Rae1
32. Ba6 33. Rf2 34. Nf6 35. Bc2 36. g6 37. dxe5 38. Qxe5 39. e4 40. dxe4 41. f4
42. Qe7 43. Nxe4 44. Nxe4 45. Rxe4 46. Qd7 47. f5 48. Qxd2 49. Rxd2 50. Kg7 51.
Rd6 52. f6 53. h4 54. Bc8 55. Rf4 56. Re7 57. fxg6 58. hxg6 59. Ba4 60. Re6 61.
Rd3 62. Re2 63. Rf2 64. Re1+ 65. Kh2 66. Re4 67. Bd7 68. Ba6 69. Rh3 70. Rh8 71.
Kg3 72. f5 73. Rf4 74. Re7 75. Bc6 76. Kf6 77. Kh2 78. Re2 79. Ra4 80. Bc8 81.
Rxa7 82. Rxb2 83. Ra8 84. f4 85. Bd7 86. Bxd7 87. Rxh8 88. Bxh3 89. Kxh3 90. Rxa2
91. Rb8 92. Rb2 93. Kg4 94. Rxg2+ 95. Kxf4 96. Rb2 97. Rc8 98. Rf2+ 99. Kg3 100.
Rc2 101. Kf4 102. Rxc3 103. Rc6+ 104. Kg7 105. Rxb6 106. Kh6 107. Rc6 108. Rc4+
109. Kg3 110. Kh5 111. Rc8 112. Kh6 113. Rc7 114. Rc1 115. Kg4 116. c4 117. Rc5
118. c3 119. Kg3 120. Kg7 121. Kg2 122. Kf6 123. Kh2 124. Ke6 125. Rc6+ 126. Kf5
127. Kg2 128. c2 129. Kh2 130. Kf4 131. Kg2 132. Ke4 133. Rc8 134. Kf4 1/2-1/2

[Event "38. MIEDZYNARODOWY MEMORIAL LUDWIKA ZAMENHOFA 2019 - open B"]
[Site "Bialystok"]
[Date "1899-12-30"]
[Round "9.7"]
[White "Pialesa, Siarhei"]
[Black "Szczotka, Klara"]
[Result "1-0"]
[WhiteTitle "k"]
[BlackTitle "I++"]
[WhiteElo "1769"]
[BlackElo "1781"]

1. e4 2. c5 3. Nf3 4. e6 5. d3 6. a6 7. g3 8. Qc7 9. Bg2 10. d6 11. O-O 12. Be7
13. a4 14. Nc6 15. c3 16. Nf6 17. Re1 18. O-O 19. d4 20. cxd4 21. cxd4 22. e5
23. d5 24. Nb8 25. Na3 26. Bg4 27. h3 28. Bh5 29. Bd2 30. Nbd7 31. Rc1 32. Qd8
33. Qc2 34. Rc8 35. Qxc8 36. Qxc8 37. Rxc8 38. Rxc8 39. Nh2 40. Nc5 41. a5 42.
Bg6 43. f3 44. Nd3 45. Rb1 46. Nh5 47. Bf1 48. Nc5 49. Rc1 50. Re8 51. Be1 52.
Nf6 53. b4 54. Ncd7 55. Ng4 56. Bf8 57. Bf2 58. Nxg4 59. hxg4 60. Nf6 61. g5 62.
Nh5 63. Rc7 64. Re7 65. Rc8 66. f5 67. exf5 68. Bxf5 69. Rxf8+ 70. Kxf8 71. g4
72. Bxg4 73. fxg4 74. Nf4 75. Bc4 76. Rf7 77. Be3 78. Ke7 79. Kh2 80. Ng6 81.
Kg3 82. e4 83. Be2 84. Kd7 85. Nb1 86. Ne7 87. Nc3 88. Rf8 89. Bd4 90. g6 91.
Bg7 92. Rg8 93. Bf6 94. Re8 95. Kf2 96. Ng8 97. Bd4 98. Ne7 99. Ke3 100. Kc8 101.
Bc4 102. Kd7 103. Bb3 104. Ng8 105. Ba4+ 1-0

[Event "38. MIEDZYNARODOWY MEMORIAL LUDWIKA ZAMENHOFA 2019 - open B"]
[Site "Bialystok"]
[Date "1899-12-30"]
[Round "9.8"]
[White "Norov, Artem"]
[Black "Jeda, Maciej"]
[Result "0-1"]
[WhiteTitle "I"]
[BlackTitle "I"]
[WhiteElo "1871"]
[BlackElo "1865"]

1. d4 2. Nf6 3. c4 4. g6 5. Nc3 6. Bg7 7. Nf3 8. O-O 9. e4 10. d6 11. h3 12. e5
13. d5 14. a5 15. Bg5 16. Qe8 17. g4 18. Na6 19. Be2 20. Nd7 21. Rg1 22. Kh8 23.
Nh4 24. Ndc5 25. Qc2 26. Nb4 27. Qb1 28. f5 29. a3 30. Nba6 31. b4 32. Nxe4 33.
Nxe4 34. fxe4 35. Qxe4 36. Bd7 37. Rb1 38. axb4 39. axb4 40. b5 41. Bd2 42. c5
43. cxb5 44. Bxb5 45. Rg3 46. Bxe2 47. Qxe2 48. Nxb4 49. Bxb4 50. cxb4 51. Rgb3
52. Rf4 53. Ng2 54. Rd4 55. Rd3 56. e4 57. Rxd4 58. Bxd4 59. Ne3 60. Qe5 61. Qc4
62. Bxe3 63. fxe3 64. Qg3+ 65. Ke2 66. Ra2+ 0-1

[Event "38. MIEDZYNARODOWY MEMORIAL LUDWIKA ZAMENHOFA 2019 - open B"]
[Site "Bialystok"]
[Date "1899-12-30"]
[Round "9.9"]
[White "Paulauskas, Andrius"]
[Black "Kotarski, Bartosz"]
[Result "1-0"]
[WhiteTitle "I"]
[BlackTitle "I+"]
[WhiteElo "1930"]
[BlackElo "1696"]

1. e4 c5 2. Ne2 e6 3. g3 d5 4. Bg2 Nf6 5. e5 Nfd7 6. f4 Nc6 7. d3 Qc7 8. c3 d4
9. O-O Nb6 10. Nd2 dxc3 11. bxc3 Nd5 12. c4 Ndb4 13. a3 Na6 14. Ne4 b6 15. N2c3
Bd7 16. Nb5 Qd8 17. Nbd6+ Bxd6 18. Nxd6+ Kf8 19. Qh5 Qe7 20. f5 exf5 21. Bxc6
Bxc6 22. Rxf5 Be8 23. Bh6 Qe6 24. Rf6 Qd7 25. Raf1 gxh6 26. Rxf7+ Kg8 27. Rf8+
Kg7 28. R1f7+ 1-0

[Event "38. MIEDZYNARODOWY MEMORIAL LUDWIKA ZAMENHOFA 2019 - open B"]
[Site "Bialystok"]
[Date "1899-12-30"]
[Round "9.10"]
[White "Budzisz, Adrian"]
[Black "Baryschyk, Sergey"]
[Result "0-1"]
[WhiteTitle "I"]
[BlackTitle "I"]
[WhiteElo "1849"]
[BlackElo "1866"]

1. Nf3 2. Nf6 3. d4 4. g6 5. c3 6. Bg7 7. Bf4 8. O-O 9. e3 10. d6 11. h3 12. Nc6
13. Be2 14. Nd7 15. O-O 16. e5 17. Bh2 18. f5 19. b4 20. e4 21. Nfd2 22. Nf6 23.
Qb3+ 24. Kh8 25. c4 26. Ne7 27. Nc3 28. g5 29. Rac1 30. Ng6 31. Qc2 32. Bd7 33.
f3 34. exf3 35. Bxf3 36. Qe7 37. Rce1 38. Nh4 39. e4 40. Nxe4 41. Qd3 42. Qf6
43. Nb3 44. Nxc3 45. Qxc3 46. Nxf3+ 47. Qxf3 48. Bc6 49. d5 50. Bd7 51. c5 52.
f4 53. h4 54. h6 55. Kh1 56. Rae8 57. Qf2 58. Bb5 59. Rxe8 60. Rxe8 61. Rc1 62.
Qe5 63. cxd6 64. cxd6 65. hxg5 66. hxg5 67. Qf3 68. Be2 69. Qh3+ 70. Kg8 71. Qd7
72. Re7 73. Qc8+ 74. Bf8 75. Qc2 76. Qxd5 77. Nd2 78. Bd3 79. Qb3 80. Qxb3 81.
Nxb3 82. d5 83. Rc8 84. Bc4 85. Nd4 86. Kf7 87. Bg1 88. g4 89. Kh2 90. Re5 91.
g3 92. f3 93. Rc7+ 94. Kg6 95. Bf2 96. Bxb4 97. Rxb7 98. Be1 99. Kg1 100. Bxf2+
101. Kxf2 102. Re4 103. Nxf3 104. gxf3 105. Kxf3 106. a6 107. Rb6+ 108. Kg5 109.
Rc6 110. Rd4 111. a4 112. Rd3+ 113. Kf2 0-1

[Event "38. MIEDZYNARODOWY MEMORIAL LUDWIKA ZAMENHOFA 2019 - open B"]
[Site "Bialystok"]
[Date "1899-12-30"]
[Round "9.11"]
[White "Zabrzanska, Weronika"]
[Black "Backiel, Hubert"]
[Result "1-0"]
[WhiteTitle "I++"]
[BlackTitle "I"]
[WhiteElo "1843"]
[BlackElo "1860"]

1. e4 c5 2. c3 Nf6 3. e5 Nd5 4. d4 cxd4 5. Qxd4 e6 6. Nf3 Nc6 7. Qe4 f5 8. Qe2
Qc7 9. g3 b5 10. Bg2 a5 11. O-O Ba6 12. Re1 g6 13. Nbd2 Bg7 14. Nb3 Nce7 15. Qd1
h6 16. Nh4 Kf7 17. f4 Rhc8 18. g4 Qb6+ 19. Nd4 b4 20. gxf5 gxf5 21. Kh1 Bb7 22.
Rg1 bxc3 23. b3 Kg8 24. Ba3 Ne3 25. Qd3 Bxg2+ 26. Nxg2 Ng4 27. Raf1 c2 28. Bc1
Nd5 29. Nxf5 Nf2+ 30. Rxf2 Qxf2 31. Nxg7 Kxg7 32. Ne3+ Kf8 33. Nxd5 Qxg1+ 34.
Kxg1 exd5 35. Qxd5 Ra7 36. Qd6+ Ke8 37. Qxh6 a4 38. Qh8+ 1-0